| 000 | 00811nam a2200301 i 4500 | ||
|---|---|---|---|
| 001 | 13284 | ||
| 003 | ES-MaACL | ||
| 005 | 20250805063221.0 | ||
| 007 | t| | ||
| 008 | 980122s1996 sp ||||1| spa d | ||
| 020 | _a84-306-0035-3 | ||
| 080 | _a1 | ||
| 080 | _a165.721 | ||
| 080 | _a21 | ||
| 080 | _a17 | ||
| 100 | 1 |
_aSavater, Fernando, _d1947- _9104053 |
|
| 245 | 1 | 3 |
_aLa voluntad disculpada / _cFernando Savater. |
| 260 |
_aMadrid : _bTaurus, _c1996. |
||
| 300 |
_a579 p. ; _c24 cm. |
||
| 490 | 1 | _aCompendios Taurus | |
| 650 | 1 | 7 |
_aFilosofía _2embne _912802 |
| 650 | 1 | 4 |
_aNihilismo (Filosofía) _915540 |
| 650 | 4 |
_aReligión- _xFilosofía _916799 |
|
| 650 | 1 | 7 |
_aÉtica _2embne _912577 |
| 830 | 0 |
_aCompendios Taurus _9179612 |
|
| 852 |
_aES-MaACL _jL-20642 _bR.126375 |
||
| 999 |
_c13284 _d13284 |
||